000 00546nam a22001697a 4500
003 OSt
005 20220107122821.0
008 161007b xxu||||| |||| 00| 0 eng d
040 _cIIITMK
100 _aAshly P Raju (93515009)
_910685
245 _aOnline handwritten word level recognition system for malayalam using neural networks
_cAshly P Raju
300 _aM Phil CS - Main Project
502 _bM Phil CS
_c2015-16
_dINT
_eDr. Elizabeth Sherly
650 _aCOMPUTER SCIENCE
_910686
650 _aNEURAL NETWORKS
_910687
942 _2ddc
_cPR
999 _c5376
_d5376